Účtovné a daňové hľadisko zmeny vlastníckych vzťahov obchodných spoločností dizertačná práca

Salvato in:
Dettagli Bibliografici
Autore principale: Ondrušová, Lucia, 1981-
Ente Autore: Fakulta hospodárskej informatiky EU. Katedra účtovníctva a audítorstva
Altri autori: Máziková, Katarína
Natura: Libro
Lingua:slovacco
Pubblicazione: Bratislava 2008
Soggetti:
Tags: Aggiungi Tag
Nessun Tag, puoi essere il primo ad aggiungerne!!

MARC

LEADER 00000nam$a2200000$$$4500
001 0082617
005 20221207101355.5
041 0 |a slo 
044 |a SK 
245 1 0 |a Účtovné a daňové hľadisko zmeny vlastníckych vzťahov obchodných spoločností  |b dizertačná práca  |c Lucia Ondrušová ; škol. Katarína Máziková 
264 1 |a Bratislava  |c 2008 
300 |a 161 s. 
610 2 0 |a vzťahy vlastnícke 
610 2 0 |a účtovníctvo 
610 2 0 |a dane 
610 2 0 |a spoločnosti obchodné 
100 1 |a Ondrušová, Lucia, 1981- 
700 1 |a Máziková, Katarína 
710 2 |a Fakulta hospodárskej informatiky EU. Katedra účtovníctva a audítorstva